Giáo trình quản trị kinh doanh khách sạn

Bao gồm những khái niệm cơ bản và cơ sở lý luận về kinh doanh khách sạn, các thành phần cấu thành của hoạt động kinh doanh khách sạn, các chức năng quản trị kinh doanh khách sạn;cũng như nêu rõ nét công tác tổ chức hoạt động kinh doanh các dịc...

ver descrição completa

Na minha lista:
Detalhes bibliográficos
Autor principal: Nguyễn, Văn Mạnh
Formato: Livro
Idioma:Undetermined
Publicado em: Hà Nội Tài chính 2004
Assuntos:
Tags: Adicionar Tag
Sem tags, seja o primeiro a adicionar uma tag!
Thư viện lưu trữ: Trung tâm Học liệu Trường Đại học Cần Thơ
LEADER 01021nam a2200205Ia 4500
001 CTU_121193
008 210402s9999 xx 000 0 und d
020 |c 50000 
082 |a 647.94068 
082 |b M107 
100 |a Nguyễn, Văn Mạnh 
245 0 |a Giáo trình quản trị kinh doanh khách sạn 
245 0 |c Nguyễn Văn Mạnh và Hoàng Thị Lan Hương 
260 |a Hà Nội 
260 |b Tài chính 
260 |c 2004 
520 |a Bao gồm những khái niệm cơ bản và cơ sở lý luận về kinh doanh khách sạn, các thành phần cấu thành của hoạt động kinh doanh khách sạn, các chức năng quản trị kinh doanh khách sạn;cũng như nêu rõ nét công tác tổ chức hoạt động kinh doanh các dịch vụ cơ bản của khách sạn là lưu trú và ăn uống. 
650 |a Hotel management 
904 |i Minh 
980 |a Trung tâm Học liệu Trường Đại học Cần Thơ